000 00434nam a22001337a 4500
040 _cNUST
082 _a200 THE
100 _aMuhammad Naveed Iqbal
_984085
110 _aSupervisor Dr. Raja Amer Azim
_984086
245 _aTH-SOF-1911-Rollover Mitigation in Skid Steered Wheeled Military Vehicles with Articulated Suspension
260 _aISLAMABAD:
_bNUST COLLEGE OF EME,
_c2021.
650 _aMS-MECH-17
_984087
942 _2ddc
_cTHE
999 _c586737
_d586737